Criminal Careers up to Age 50 and Life Success Up to Age 48: New Findings from the Cambridge Study in Delinquent Development, 2nd edition

Guardado en:  
Detalles Bibliográficos
Autores principales: Farrington, David 1944-2024 (Autor) ; West, Donald J. (Autor) ; Turner, Richard E. 1920-1986 (Autor) ; Soteriou, Nadine (Autor) ; Jolliffe, Darrick (Autor) ; Harnett, Louise M. (Autor) ; Coid, Jeremy (Autor)
Tipo de documento: Print Artículo
Lenguaje:Inglés
Publicado: Home Office 2006
En:Enthalten in: Home Office Research Study 299
Verificar disponibilidad: HBZ Gateway

MARC

LEADER 00000caa a22000002c 4500
001 1912500485
003 DE-627
005 20250124054931.0
007 tu
008 241217s2006 xx ||||| 00| ||eng c
035 |a (DE-627)1912500485 
035 |a (DE-599)KXP1912500485 
040 |a DE-627  |b ger  |c DE-627  |e rda 
041 |a eng 
084 |a 2,1  |2 ssgn 
100 1 |a Farrington, David  |d 1944-2024  |e VerfasserIn  |0 (DE-588)1033146951  |0 (DE-627)740055585  |0 (DE-576)160911001  |4 aut 
109 |a Farrington, David 1944-2024  |a Farrington, David P. 1944-2024  |a Farrington, D. P. 1944-2024  |a Farrington, David Philip 1944-2024 
245 1 0 |a Criminal Careers up to Age 50 and Life Success Up to Age 48: New Findings from the Cambridge Study in Delinquent Development, 2nd edition 
264 1 |b Home Office  |c 2006 
336 |a Text  |b txt  |2 rdacontent 
337 |a ohne Hilfsmittel zu benutzen  |b n  |2 rdamedia 
338 |a Band  |b nc  |2 rdacarrier 
700 1 |a West, Donald J.  |e VerfasserIn  |4 aut 
700 1 |a Turner, Richard E.  |d 1920-1986  |e VerfasserIn  |0 (DE-588)143996258  |0 (DE-627)704670046  |0 (DE-576)340240660  |4 aut 
700 1 |a Soteriou, Nadine  |e VerfasserIn  |4 aut 
700 1 |a Jolliffe, Darrick  |e VerfasserIn  |0 (DE-588)121161025X  |0 (DE-627)1700169335  |4 aut 
700 1 |a Harnett, Louise M.  |e VerfasserIn  |4 aut 
700 1 |a Coid, Jeremy  |e VerfasserIn  |0 (DE-588)1218046546  |0 (DE-627)1733507450  |4 aut 
773 0 8 |i Enthalten in  |t Home Office Research Study 299 
787 0 8 |i Forschungsdaten  |a Farrington, David, 1944 - 2024  |t Cambridge Study in Delinquent Development (Great Britain), 1961-1981  |d [Erscheinungsort nicht ermittelbar] : [Verlag nicht ermittelbar], 1986  |w (DE-627)1840065613 
935 |a mkri 
951 |a AR 
ELC |b 1 
LOK |0 000 xxxxxcx a22 zn 4500 
LOK |0 001 4637465982 
LOK |0 003 DE-627 
LOK |0 004 1912500485 
LOK |0 005 20241217044259 
LOK |0 008 241217||||||||||||||||ger||||||| 
LOK |0 035   |a (DE-2619)ICPSR105524 
LOK |0 040   |a DE-2619  |c DE-627  |d DE-2619 
LOK |0 092   |o n 
LOK |0 852   |a DE-2619 
LOK |0 852 1  |9 00 
LOK |0 935   |a uvkn  |a nacp 
LOK |0 939   |a 17-12-24  |b l01 
ORI |a SA-MARC-krimdoka001.raw